LEADER 01059nam0-2200349-#-450- 001 990001179530203316 005 20030926102839.0 010 $a88-7076-086-3 035 $a000117953 035 $aUSA01000117953 035 $a(ALEPH)000117953USA01 035 $a000117953 100 $a20030926d1986----km-y0enga50------ba 101 0 $aita 102 $aIT 105 $aa|||z|||001yy 200 1 $aFisiologia della pelle e degli annessi cutanei$fCesare Bruno, Gianni Proserpio 210 $aMilano$cOrganizzazione editoriale medico-farmaceutica$d1986 215 $aXIII, 410 p.$cill.$d27 cm 606 0 $aPelle$xFisiologia 676 $a612.79 700 1$aBRUNO,$bCesare$0361655 701 1$aPROSERPIO,$bGiovanni$0555631 801 0$aIT$bSalbc$cISBD 912 $a990001179530203316 951 $a612.79 BRU$b1677 FARM$c612.79 959 $aBK 969 $aFAR 979 $aSIAVPROV$b10$c20030926$lUSA01$h1028 979 $aPATRY$b90$c20040406$lUSA01$h1724 996 $aFisiologia della pelle e degli annessi cutanei$9982666 997 $aUNISA LEADER 00869oas 2200313z 450 001 9910229810703321 005 20240923184415.0 035 $a(CKB)3790000000025798 035 $a(EXLCZ)993790000000025798 100 $a20160411b19051907 uy 101 0 $aeng 181 $ctxt$2rdacontent 182 $cc$2rdamedia 183 $acr$2rdacarrier 200 00$aLaw (Saint Louis, Mo.) 210 1$aSt. Louis :$cLaw Pub. Co.,$d[1905-1907]. 215 $a1 online resource (5 volimes) 300 $a"84-524"--Header. 517 0 $aLaw 606 $aLaw$xGeneral and Others 606 $aCommercial law$zUnited States$vCases 606 $aLaw$zUnited States$vPeriodicals 615 4$aLaw$xGeneral and Others 615 0$aCommercial law 615 0$aLaw 906 $aJOURNAL 912 $a9910229810703321 996 $aLaw (Saint Louis, Mo.)$92219887 997 $aUNINA